Paises por PIB nominal 2023 - Estadísticas

Estadísticas generales
  • Esta prueba ha sido intentada 113 veces
  • La puntuación promedio es 19 de 20
Estadísticas de respuestas
Total del PIB Nominal País % Correcto
$17,700,899 China
100%
$26,949,643 Estados Unidos
100%
$4,429,838 Alemania
99%
$4,230,862 Japón
98%
$3,332,059 Reino Unido
98%
$1,582,054 España
97%
$3,049,016 Francia
97%
$2,186,082 Italia
97%
$2,186,809 Brasil
96%
$2,117,805 Canadá
96%
$1,811,468 México
96%
$1,862,470 Rusia
96%
$1,687,713 Australia
95%
$3,732,224 India
95%
$1,709,232 Corea del Sur
94%
$1,069,437 Arabia Saudita
87%
$1,417,387 Indonesia
83%
$1,154,600 Turquía
82%
$1,092,748 Países Bajos
77%
$905,684 Suiza
69%
No se encontraron pruebas coincidentes
Distribución de puntuación
Porcentaje de gente con cada puntuación
Porcentaje por número respondido
Historial de tus puntuaciones
No has intentado esta prueba.